| 000 | 00580nam a2200205 i 4500 | ||
|---|---|---|---|
| 001 | 94559 | ||
| 003 | ES-MaACL | ||
| 005 | 20230906181516.0 | ||
| 007 | t| | ||
| 008 | 050509s1919 fr ||||1| fre d | ||
| 100 | 1 |
_aLoti, Pierre. _974298 |
|
| 245 | 1 | 3 |
_aLes massacres d'Armenie / _cPierre Loti. |
| 260 |
_aParis : _bCalmann-Levy, _c1919. |
||
| 300 |
_a40 p. ; _c19 cm. |
||
| 505 | 8 | _aContiene: Les Turcs - Les massacres d'Arménie | |
| 650 | 4 |
_aCuestión armenia. _9148452 |
|
| 650 | 4 |
_aArmenios- _zTurquía. _9148453 |
|
| 740 | 4 | _aLes Turcs. | |
| 852 |
_aES-MaACL _j1534-F-11 |
||
| 999 |
_c94559 _d94559 |
||